|
|
|
|
| LEADER |
00000cam a2200000 a 4500 |
| 001 |
28614 |
| 003 |
CZ-ZlUTB |
| 005 |
20190825235556.0 |
| 008 |
060126s2005 dk a 001 0 eng d |
| 020 |
|
|
|a 8763001276
|q (váz.)
|
| 040 |
|
|
|a ZLD002
|b cze
|
| 072 |
|
7 |
|a 005
|x Management. Řízení
|2 Konspekt
|9 4
|
| 080 |
|
|
|a 005.21
|2 MRF
|
| 080 |
|
|
|a 005.71
|2 MRF
|
| 080 |
|
|
|a 005
|2 MRF
|
| 080 |
|
|
|a (048.8)
|2 MRF
|
| 100 |
1 |
|
|a Løwendahl, Bente R.,
|d 1958-
|7 utb2009546554
|4 aut
|
| 245 |
1 |
0 |
|a Strategic management of professional service firms /
|c Bente Løwendahl
|
| 250 |
|
|
|a 3rd rev. ed.
|
| 260 |
|
|
|a [Copenhagen] :
|b Copenhagen Business School Press ;
|a Abingdon :
|b Marston Book Services [distributor],
|c c2005
|
| 300 |
|
|
|a xvi, 219 s. :
|b il. ;
|c 24 cm
|
| 504 |
|
|
|a Obsahuje bibliografii a rejstřík
|
| 650 |
0 |
7 |
|a strategický management
|7 ph116291
|2 czenas
|
| 650 |
0 |
9 |
|a strategic planning
|2 eczenas
|
| 655 |
|
7 |
|a studie
|7 fd133597
|2 czenas
|
| 655 |
|
9 |
|a studies
|2 eczenas
|
| 910 |
|
|
|a ZLD002
|
| 952 |
|
|
|0 0
|1 0
|4 0
|6 005LOWENDAHLBR
|7 0
|8 BOOK
|9 69127
|a UTBZL
|b UTBZL
|c 030
|d 2006-08-16
|l 4
|o 005/LOWENDAHL,B.R.
|p 420010102168
|r 2019-08-25 00:00:00
|v 1397.00
|w 2019-08-25
|x N:nákup, převod z FAME/Hurta; | 20100430
|y 05
|
| 952 |
|
|
|0 0
|1 0
|4 0
|6 005LOWENDAHLBR
|7 0
|8 BOOK
|9 69128
|a UTBZL
|b UTBZL
|c 030
|d 2009-11-11
|l 1
|o 005/LOWENDAHL,B.R.
|p 420010127159
|r 2019-08-25 00:00:00
|v 1018.00
|w 2019-08-25
|x N:nákup; | 20100831
|y 05
|
| 992 |
|
|
|a BK
|b SK
|d 5
|
| 999 |
|
|
|c 28614
|d 28614
|